BSOP header

Leadership prayers / (Record no. 54931)

MARC details
000 -LEADER
fixed length control field 00801cam a2200253 a 4500
001 - CONTROL NUMBER
control field 39085348
003 - CONTROL NUMBER IDENTIFIER
control field OCoLC
005 - DATE AND TIME OF LATEST TRANSACTION
control field 20251203144950.0
008 - FIXED-LENGTH DATA ELEMENTS--GENERAL INFORMATION
fixed length control field 980501s1998 ilu 000 0 eng
010 ## - LIBRARY OF CONGRESS CONTROL NUMBER
LC control number 98019056
020 ## - INTERNATIONAL STANDARD BOOK NUMBER
International Standard Book Number 9780842336895
035 ## - SYSTEM CONTROL NUMBER
System control number (OCoLC)39085348
040 ## - CATALOGING SOURCE
Original cataloging agency DLC
Language of cataloging eng
Transcribing agency DLC
Modifying agency BAKER
-- BTCTA
-- LMR
-- YDXCP
-- OCLCO
-- OCLCF
-- CFT
-- OCLCQ
-- OCL
-- EXN
049 ## - LOCAL HOLDINGS (OCLC)
Holding library EXNs
100 1# - MAIN ENTRY--PERSONAL NAME
Personal name Kriegbaum, Richard.
245 10 - TITLE STATEMENT
Title Leadership prayers /
Statement of responsibility, etc Richard Kriegbaum.
260 ## - PUBLICATION, DISTRIBUTION, ETC. (IMPRINT)
Place of publication, distribution, etc Wheaton, Ill. :
Name of publisher, distributor, etc Tyndale House Publishers,
Date of publication, distribution, etc ©1998.
300 ## - PHYSICAL DESCRIPTION
Extent 120 pages ;
Dimensions 21 cm.
336 ## - CONTENT TYPE
Content Type Term text
Content Type Code txt
Source rdacontent.
337 ## - MEDIA TYPE
Media Type Term unmediated
Media Type Code n
Source rdamedia.
338 ## - CARRIER TYPE
Carrier Type Term volume
Carrier Type Code nc
Source rdacarrier.
650 #0 - SUBJECT ADDED ENTRY--TOPICAL TERM
Topical term or geographic name as entry element Leadership
General subdivision Religious aspects
-- Christianity
Form subdivision Prayers and devotions.
942 ## - ADDED ENTRY ELEMENTS (KOHA)
Source of classification or shelving scheme Library of Congress Classification
Item type Books
Holdings
Withdrawn status Lost status Source of classification or shelving scheme Damaged status Not for loan Home library Current library Shelving location Date acquired Inventory number Total Checkouts Full call number Barcode Date last seen Price effective from Koha item type
    Library of Congress Classification     BSOP Library BSOP Library GC 12/03/2025 50029   BV4597.53.L43 K89 1998 00062700 12/03/2025 12/03/2025 Books
BSOP

Biblical Seminary of the Philippines
  All rights Reserved
  © 2024

CONTACT INFORMATION

Biblical Seminary of the Philippines,
  77-B Karuhatan Road, Valenzuela City,
  PHILIPPINES 1441
  Phone: +632 8292-6795 / 8292-6798
  Fax : +632 8292-6675
  Email: library@bsop.edu.ph